| 000 | 00712nmm a2200277 a 4500 | ||
|---|---|---|---|
| 003 | AR-BaBNM | ||
| 005 | 20251128203300.0 | ||
| 008 | 011101s1982 ||||||||||||||000 | spa|| | ||
| 040 | _cAR-BaBNM | ||
| 100 | 1 | _aCourtillon, Janine | |
| 245 | 1 | 0 |
_aArchipel _bunités 1 a 7 |
| 260 |
_aParis _bDidier _c1982 |
||
| 300 | 0 |
_a192 p. _bil. |
|
| 650 | 4 | _aENSENANZA DE IDIOMAS | |
| 650 | 4 | _aFRANCES | |
| 650 | 4 | _aGRAMATICA | |
| 650 | 4 | _aVOCABULARIO | |
| 650 | 4 | _aACTIVIDADES DE APRENDIZAJE | |
| 650 | 4 | _aLIBROS DE TEXTO | |
| 653 | _aEDUCACION SECUNDARIA | ||
| 700 | 1 | _aRaillard, Sabine | |
| 700 | 1 |
_aGauvenet, Hélène _ecolaborador |
|
| 700 | 1 |
_aArgaud, Marc _ecolaborador |
|
| 942 | _cBK | ||
| 998 | _cCarmen | ||
| 999 |
_c2702 _d2702 |
||